000 02622cam a2200385 i 4500
001 18842856
005 20230221140929.0
008 151012s2015 ii b 001 0 eng d
010 _a 2015361990
020 _a9788182748484 (hardback)
020 _a8182748488 (hardback)
025 _aI-E-2015361990; 63-91
035 _a(OCoLC)ocn923794737
035 _a(OCoLC)923794737
037 _bLibrary of Congress -- New Delhi Overseas Office
040 _aDKAGE
_beng
_cDKAGE
_erda
_dDLC
042 _alccopycat
_alcode
043 _aa-ii---
_aa------
050 0 0 _aDS33.4.I4
_bI63 2015
082 0 4 _a327.5405, IND
_223
245 0 0 _aIndia's security interest in her neighbourhood /
_ceditor, Shekhar Adhikari.
264 1 _aNew Delhi :
_bPentagon Press,
_c2015.
300 _axiv, 314 pages ;
_c24 cm
336 _atext
_btxt
_2rdacontent
337 _aunmediated
_bn
_2rdamedia
338 _avolume
_bnc
_2rdacarrier
505 _aOne year of Modi’s Foreign Policy (Page-1),Indo-Pak Geopolitical Rivalry in Afghanistan: Policy Options for India (Page-32),Environmental Degradation as Non-Traditional security Threat to Bangladesh (Page-47),India-Bangladesh Land Boundary Agreement: Beginning of a New Era (Page-66),India’s Bhutan Policy: A Critical Approach (Page-77),India China Boundary Dispute: A Never ending Saga (Page-91),The Tibet-China Conflict: Implications for India (Page-106),Power struggle Between India and China (Page-124),Evolution of Defence Policy in India: A Historical Perspective (Page-137),Interference of Foreign elements in J&K and its Implication (Page-145),The Importance of Maldives in South Asia (Page-154),India-Maldives Relations in a Comprehensive (Page-165),Myanmar as a Factor in India’s North East: Economic and Security Paradigm (Page-181),India-Nepal Relations: Evaluating Security Implications (Page-195),Maoist Insurgency in India and Nepal: An Analysis (Page-209),Understanding extremism in Pakistan (Page-231),The Emerging Patterns in India-Pakistan Conflict (Page-248),Indo-Pacific region: India’s Strategies Vision (Page-265),Chorus or Cacophony: Varied Voices in Indo-Sri Lankan Relations (Page-278),India’s External Security Conundrum: Complexities of Securing Peace in South Asia (Page-293).
650 0 _aNational security
_zAsia.
_9109358
651 0 _aIndia
_xForeign relations
_zAsia.
_9109359
651 0 _aAsia
_xForeign relations
_zIndia.
_9109360
700 1 _aAdhikari, Shekhar,
_eeditor.
_9109361
906 _a7
_bcbc
_ccopycat
_d3
_encip
_f20
_gy-gencatlg
942 _2ddc
_cBK
999 _c593397
_d593397